| 000 | 00000nam 2200000zi 4500 |
| 001 | 9.942248 |
| 003 | CaOODSP |
| 005 | 20250108102100 |
| 006 | m o d f |
| 007 | cr |n||||||||| |
| 008 | 240822t20242024onca o f00| 0 eng d |
| 020 | |a9780660732879 |
| 040 | |aCaOODSP|beng|erda|cCaOODSP |
| 043 | |an-cn--- |
| 086 | 1 |aHP40-369/2024E-PDF |
| 245 | 00|aHelp prevent the spread of avian influenza. |
| 264 | 1|a[Ottawa] : |bPublic Health Agency of Canada = Agence de la santé publique du Canada, |c[2024] |
| 264 | 4|c©2024 |
| 300 | |a1 online resource (1 unnumbered page) : |bcolour illustrations |
| 336 | |atext|btxt|2rdacontent |
| 337 | |acomputer|bc|2rdamedia |
| 338 | |aonline resource|bcr|2rdacarrier |
| 500 | |aIssued also in French under title: Aidez à prévenir la propagation de la grippe aviaire. |
| 500 | |a"Pub.: 240501." |
| 650 | 0|aAvian influenza|zCanada|xPrevention. |
| 710 | 2 |aPublic Health Agency of Canada, |eissuing body. |
| 775 | 08|tAidez à prévenir la propagation de la grippe aviaire.|w(CaOODSP)9.942249 |
| 776 | 0#|tHelp prevent the spread of avian influenza. |w(CaOODSP)9.942250 |
| 856 | 40|qPDF|s540 KB|uhttps://publications.gc.ca/collections/collection_2025/aspc-phac/HP40-369-2024-eng.pdf |
| 856 | 4 |qHTML|sN/A|uhttps://www.canada.ca/en/public-health/services/publications/diseases-conditions/help-prevent-spread-avian-influenza.html |